Swedish Prime Ministers - Statistics

General Stats
  • This quiz has been taken 9 times
  • The average score is 21 of 36
Answer Stats
Picture Answer % Correct
Carl Bildt
100%
Fredrik Reinfeldt
100%
Gillis Bildt
100%
Göran Persson
100%
Magdalena Andersson
100%
Olof Palme
100%
Stefan Löfven
100%
Ulf Kristersson
100%
Ingvar Carlsson
83%
Karl Staaff
83%
Per Albin Hansson
83%
Tage Erlander
83%
Thorbjörn Fälldin
83%
Hjalmar Branting
67%
Ola Ullsten
67%
Arvid Lindman
50%
Arvid Posse
50%
Axel Pehrsson-Bramstorp
50%
Carl Johan Thyselius
50%
Carl Swartz
50%
Hjalmar Hammarskjöld
50%
Louis De Geer
50%
Louis De Geer
50%
Oscar von Sydow
50%
Östen Undén
50%
Erik Gustaf Boström
33%
Felix Hamrin
33%
Nils Edén
33%
Rickard Sandler
33%
Robert Themptander
33%
Carl Gustaf Ekman
17%
Ernst Trygger
17%
Fredrik von Otter
17%
Gustaf Åkerhielm
17%
Johan Ramstedt
17%
Christian Lundeberg
0%
No matching quizzes found
Score Distribution
Percent of People with Each Score
Percentile by Number Answered
Your Score History
You have not taken this quiz